000 00247nam a2200109Ia 4500
008 190216s9999||||xx |||||||||||||| ||und||
100 _aChristian Crumlish
245 0 _aInternet Dictionary
260 _bBpb Pub
_c1998
300 _a226p
942 _cBK
999 _c8538
_d8538